000 00501nam a2200193 a 4500
001 1770888360245
003 YourLibrary
005 20260212145937.0
008 260212s2007##################000#0#eng##
020 _a9780262662024
082 0 4 _a330
_bPOT
100 1 _aPoterba, James M.,
_eauthor.
245 1 0 _aTax Policy and the Economy :
260 _bMIT Press,
_c2007.
300 _a201 pages
650 0 _aBusiness & Economics.
942 _cENGLISH
040 _aYourLibrary
_beng
_cYourLibrary
999 _c612027
_d612027